Online Catalogue and eLibrary

Anna Karenin (Record no. 3066)

MARC details
000 -LEADER
fixed length control field 00433nam a2200145Ia 4500
005 - DATE AND TIME OF LATEST TRANSACTION
control field 20240823015020.0
008 - FIXED-LENGTH DATA ELEMENTS--GENERAL INFORMATION
fixed length control field 240331s9999 xx 000 0 und d
082 ## - DDC Classification
Item Number - Author Mark TOL
Class No. 800
100 ## - MAIN ENTRY--PERSONAL NAME
Personal name Tolstoy, L.N
245 #0 - TITLE STATEMENT
Title Anna Karenin
260 ## - PUBLICATION, DISTRIBUTION, ETC.
Place of publication, distribution, etc. England
Name of publisher, distributor, etc. Penguin books
Date of publication, distribution, etc. 1954
300 ## - PHYSICAL DESCRIPTION
Extent (e.g. Volumes, Pages etc.) 852 p .,
500 ## - GENERAL NOTE
General note Anna Karenin, Tolstoy's most perfect work, the psychological novel of the nineteenth century reached its peak.
942 ## - Koha item type (Biblio)
Koha item type Books in Stacks (Lending)
Holdings
Lost status Damaged status Collection code Home library Current library Shelving location Date acquired Full call number Accession Number Item type
    Lending WERC Library WERC Library Social Science Cupboard 03/31/2024 800 TOL 1350 Books in Stacks (Lending)

© WERC Library